000 01148nam a22003737a 4500
003 DO-SdBPM
005 20260326082922.0
007 ta
008 180202b2008 sp || 00| 0 spa d
020 _a9788497774383
040 _aDO-SdBPM
_bspa
_cBPMSU
_erda
082 0 4 _a613.2
_bB565c 2008
_222
092 _a
_b
100 1 _a Bettin, Annalisa
_eautor
_4aut.
245 1 0 _a100 Recetas anticelulitis /
_c Annalisa Bettin ; traducción Lorenzo Fasanini
246 1 3 _a Cien recetas anticelulitis
260 _b
264 _aMadrid :
_bEdiciones Obelisco,
_c2008
300 _a197 páginas ;
_c22 cm.
336 _atexto
_btxt
_2rdacontent
337 _asin mediación
_bn
_2rdamedia
338 _avolumen
_bnc
_2rdacarrier
490 0 _aSalud y vida natural
500 _a
590 _aInventariado, 2026/VM
590 _6Inventariado, 2026/VM
650 7 _a Alimentación saludable
_xTécnicas
_vRecetas
650 4 _aCocina saludable
_xNutrición
_v Recetas
700 1 _aFasanini, Lorenzo
_e traducción
700 _4
830 _a
910 _aBTAVAREZ/ VMateo V. Control de calidad (BPMSU)
942 _2ddc
_cBK
999 _c15777
_d15777